000 01100nam a2200253Ia 4500
001 9518
003 GE_BSU
008 181216s||||||||xx |||||||||||||| ||und||
020 _a9789941108303
040 _cGE_BSU
080 _a347.44(479.22)
100 _aძლიერიშვილი,ზურაბ.ცერცვაძე,გიორგი.რობაქიძე,გიორგი და სხვ.
245 _aსახელშეკრებულო სამართალი
245 _bსახელმძღვ.სამართლის სკოლებისათვის
245 _cრედ.გიორგი ჯუღელი
260 _aთბილისი
260 _bმერიდიანი
260 _c2014
300 _a760გვ.23სმ
520 _aUSAID ამერიკელი სალხისაგან
653 _aსახელმძღვ.სამართლის სკოლებისათვის
653 _aსახელშეკრებულო სამართალი
942 _cBK
999 _c42812
_d42812